• 首页
  • 本馆介绍
  • 公告通知
  • 最新文献
  • 馆藏检索
  • 电子资源
  • 读者导购
  • 参考咨询
  • 我的图书馆
  • 登录
  • 详细信息显示
  • 放入我的书架
  • 预约/预借图书
  • 作者相关作品
  • 分类相关作品
  • 丛书相关作品
  • 出版社相关作品

书目信息

  • 表格格式
  • 工作单格式
  • 卡片格式
题名:
新中国成立初期干部思想政治教育研究
    
 
作者: 张玉刚, 著
分册:  
出版信息: 北京   九州出版社  2019.08
页数: 202页
开本: 24cm
丛书名:
单 册:
中图分类: D261.1
科图分类:
主题词:
电子资源:
ISBN: 978-7-5108-8060-5
000 01262nam0 2200253 450
001 CAL 0120192876051
005 20230308143222.0
010    @a978-7-5108-8060-5@dCNY50.00
100    @a20191024d2019 em y0chiy0120 ea
101 0  @achi
102    @aCN@b110000
105    @ay a 000yy
106    @ar
200 1  @a新中国成立初期干部思想政治教育研究@Axin zhong guo cheng li chu qi gan bu si xiang zheng zhi jiao yu yan jiu@e1949-1956@f张玉刚著
210    @a北京@c九州出版社@d2019.08
215    @a202页@d24cm
314    @a张玉刚, 山西传媒学院马克思主义学院教师, 法学博士。
320    @a有书目
330    @a本书稿是作者的博士毕业论文。其基于已经公开出版的文献资料和研究成果, 以马克思主义思想政治教育理论为指导, 着眼于思想政治教育学的学科研究视野, 运用史论结合、逻辑与历史相统一、系统分析的方法, 从分析1949-1956年中国共产党干部思想政治教育的主要动因入手, 对干部思想政治教育的目标与内容、方法及途径进行了研究, 总结了这一时期干部思想政治教育的历史贡献、成功经验和历史局限, 得出推动新时期干部思想政治教育工作创新发展的启示。
601 02 @a中国共产党@Azhong guo gong chan dang@x干部教育@x思想政治教育@x研究@z1949-1956
690    @aD261.1@v5
701  0 @a张玉刚,@Azhang yu gang@f1975-@4著
801  0 @aCN@bBJXHXP@c20230308
905    @b1392143-7@dD261.1@e2023@f5
    
    新中国成立初期干部思想政治教育研究:1949-1956/张玉刚著.-北京:九州出版社,2019.08
    202页;24cm
    
    
    ISBN 978-7-5108-8060-5:CNY50.00
    本书稿是作者的博士毕业论文。其基于已经公开出版的文献资料和研究成果, 以马克思主义思想政治教育理论为指导, 着眼于思想政治教育学的学科研究视野, 运用史论结合、逻辑与历史相统一、系统分析的方法, 从分析1949-1956年中国共产党干部思想政治教育的主要动因入手, 对干部思想政治教育的目标与内容、方法及途径进行了研究, 总结了这一时期干部思想政治教育的历史贡献、成功经验和历史局限, 得出推动新时期干部思想政治教育工作创新发展的启示。
●
相关链接 在E读中查询图书 在五车中查询图书 在当当中查询图书 在豆瓣中查询图书


正题名:新中国成立初期干部思想政治教育研究     索取号:D261.1/2023         预约/预借

序号 登录号 条形码 馆藏地/架位号 状态 备注
1 1392143   213921434   第一样本阅览室/ [索取号:D261.1/2023] 在馆    
2 1392144   213921443   第一借阅区/ [索取号:D261.1/2023] 在馆    
3 1392145   213921452   第一借阅区/ [索取号:D261.1/2023] 在馆    
4 1392146   213921461   第一借阅区/ [索取号:D261.1/2023] 在馆    
5 1392147   213921470   第一借阅区/ [索取号:D261.1/2023] 在馆    
唐山师范学院图书馆 欢迎您!
大连网信软件有限公司© 版权所有